[Event "MITROPA Cup 2014 WOMEN Section"]
[Site "Ruzomberok SLOVAKIA"]
[Date "2014.05.27"]
[Round "5"]
[Board "2"]
[White "Varga, Melinda"]
[Black "Miturova, Magdalena"]
[Result "1-0"]
[WhiteElo "2163"]
[BlackElo "2060"]
[PlyCount "0"]
[EventDate "2014.05.23"]
[EventType "team"]
[EventRounds "9"]
[EventCountry "SVK"]
[WhiteTeam "Hungary"]
[BlackTeam "Czech republic B"]

1. Nf3 {[%clk 1:30:57]} d5 {[%clk 1:30:48]} 2. g3 {[%clk 1:31:21]} Nc6
{[%clk 1:31:11]} 3. d4 {[%clk 1:31:19]} Bg4 {[%clk 1:31:11]} 4. Bg2
{[%clk 1:31:23]} Qd7 {[%clk 1:31:26]} 5. O-O {[%clk 1:28:54]} O-O-O
{[%clk 1:29:08]} 6. Nc3 {[%clk 1:23:16]} f6 {[%clk 1:20:05]} 7. Rb1
{[%clk 1:13:48]} Bh3 {[%clk 1:09:35]} 8. b4 {[%clk 1:10:05]} Bxg2
{[%clk 1:07:56]} 9. Kxg2 {[%clk 1:10:29]} e5 {[%clk 1:02:40]} 10. b5
{[%clk 1:05:52]} e4 {[%clk 1:02:47]} 11. bxc6 {[%clk 0:58:47]} exf3+
{[%clk 1:03:10]} 12. exf3 {[%clk 0:58:55]} Qxc6 {[%clk 1:03:34]} 13. Nb5
{[%clk 0:58:36]} Kb8 {[%clk 0:59:23]} 14. Bf4 {[%clk 0:55:59]} Rc8
{[%clk 0:58:18]} 15. c4 {[%clk 0:53:54]} Ne7 {[%clk 0:47:19]} 16. Re1
{[%clk 0:30:58]} a6 {[%clk 0:35:50]} 17. Nxc7 {[%clk 0:19:05]} Rxc7
{[%clk 0:36:14]} 18. c5 {[%clk 0:18:44]} Nc8 {[%clk 0:27:41]} 19. Re2
{[%clk 0:18:58]} g5 {[%clk 0:21:22]} 20. Bxc7+ {[%clk 0:19:24]} Qxc7
{[%clk 0:20:14]} 21. Reb2 {[%clk 0:19:52]} b5 {[%clk 0:16:49]} 22. cxb6
{[%clk 0:18:27]} Qd7 {[%clk 0:13:12]} 23. b7 {[%clk 0:15:12]} Na7
{[%clk 0:09:42]} 24. Rb6 {[%clk 0:15:11]} a5 {[%clk 0:10:05]} 25. Ra6
{[%clk 0:14:10]} Bb4 {[%clk 0:09:57]} 26. a3 {[%clk 0:14:14]} Kxb7
{[%clk 0:05:23]} 27. Rxf6 {[%clk 0:12:55]} Nb5 {[%clk 0:05:47]} 28. axb4
{[%clk 0:12:58]} Nc3 {[%clk 0:06:03]} 29. bxa5+ Ka7 {[%clk 0:06:03]} 30. Qd3
{[%clk 0:13:19]} Nxb1 {[%clk 0:06:23]} 31. Qa6+ {[%clk 0:13:35]} Kb8
{[%clk 0:06:48]} 32. Rb6+ {[%clk 0:13:55]} 1-0

[Event "MITROPA Cup 2014 WOMEN Section"]
[Site "Ruzomberok SLOVAKIA"]
[Date "2014.05.27"]
[Round "5"]
[Board "1"]
[White "Motycakova, Monika"]
[Black "Srebrnic, Ana"]
[Result "1-0"]
[WhiteElo "2091"]
[BlackElo "2243"]
[PlyCount "0"]
[EventDate "2014.05.23"]
[EventType "team"]
[EventRounds "9"]
[EventCountry "SVK"]
[WhiteTeam "Slovakia B"]
[BlackTeam "Slovenia"]

1. e4 {[%clk 1:30:49]} e5 {[%clk 1:30:29]} 2. Nf3 {[%clk 1:31:12]} Nc6
{[%clk 1:30:53]} 3. Bb5 {[%clk 1:31:34]} a6 {[%clk 1:31:18]} 4. Ba4
{[%clk 1:31:58]} d6 {[%clk 1:31:41]} 5. O-O {[%clk 1:31:41]} Bd7 {[%clk 1:28:49]}
6. d4 {[%clk 1:31:08]} b5 {[%clk 1:17:16]} 7. Bb3 {[%clk 1:29:55]} Nxd4
{[%clk 1:15:15]} 8. Nxd4 {[%clk 1:29:23]} exd4 {[%clk 1:15:40]} 9. c3
{[%clk 1:28:39]} dxc3 {[%clk 1:13:26]} 10. Qh5 {[%clk 1:27:33]} Qf6
{[%clk 0:51:58]} 11. Nxc3 {[%clk 1:22:15]} g6 {[%clk 0:39:51]} 12. Qe2
{[%clk 0:55:06]} Ne7 {[%clk 0:37:27]} 13. e5 {[%clk 0:52:42]} dxe5
{[%clk 0:16:28]} 14. Ne4 {[%clk 0:40:29]} Qc6 {[%clk 0:16:25]} 15. Bg5
{[%clk 0:40:32]} O-O-O {[%clk 0:02:32]} 16. Rfc1 {[%clk 0:29:26]} Qb6
{[%clk 0:02:49]} 17. Be3 {[%clk 0:24:11]} Qa5 {[%clk 0:03:15]} 18. Nd6+
{[%clk 0:22:14]} Kb8 {[%clk 0:03:40]} 19. Nxf7 {[%clk 0:22:37]} Bg7
{[%clk 0:03:51]} 20. Nxh8 {[%clk 0:18:10]} Rxh8 {[%clk 0:03:20]} 21. a4
{[%clk 0:15:31]} Qb4 {[%clk 0:02:36]} 22. Qc2 {[%clk 0:15:15]} Rc8
{[%clk 0:02:18]} 23. axb5 {[%clk 0:14:22]} Bxb5 {[%clk 0:02:01]} 24. Be6
{[%clk 0:13:47]} Nc6 {[%clk 0:00:51]} 25. Bxc8 {[%clk 0:12:11]} Kxc8
{[%clk 0:01:17]} 26. Rxa6 {[%clk 0:09:23]} 1-0

[Event "MITROPA Cup 2014 WOMEN Section"]
[Site "Ruzomberok SLOVAKIA"]
[Date "2014.05.27"]
[Round "5"]
[Board "2"]
[White "Kolaric, Spela"]
[Black "Milcova, Zuzana"]
[Result "1/2-1/2"]
[WhiteElo "2048"]
[BlackElo "2025"]
[PlyCount "0"]
[EventDate "2014.05.23"]
[EventType "team"]
[EventRounds "9"]
[EventCountry "SVK"]
[WhiteTeam "Slovenia"]
[BlackTeam "Slovakia B"]

1. d4 {[%clk 1:30:45]} d5 {[%clk 1:30:55]} 2. c4 {[%clk 1:30:42]} c6
{[%clk 1:31:21]} 3. Nf3 {[%clk 1:31:00]} Nf6 {[%clk 1:31:43]} 4. e3
{[%clk 1:31:19]} Bf5 {[%clk 1:31:26]} 5. Nc3 {[%clk 1:31:29]} e6 {[%clk 1:31:33]}
6. Nh4 {[%clk 1:31:37]} Bg6 {[%clk 1:31:36]} 7. Be2 {[%clk 1:31:43]} Be7
{[%clk 1:31:13]} 8. O-O {[%clk 1:31:09]} O-O {[%clk 1:31:00]} 9. Nxg6
{[%clk 1:30:58]} hxg6 {[%clk 1:31:24]} 10. Qb3 {[%clk 1:28:35]} Qb6
{[%clk 1:30:20]} 11. Rd1 {[%clk 1:24:56]} Nbd7 {[%clk 1:28:04]} 12. Na4
{[%clk 1:20:48]} Qxb3 {[%clk 1:22:28]} 13. axb3 {[%clk 1:21:10]} Rfe8
{[%clk 1:22:17]} 14. Nc3 {[%clk 1:19:00]} a6 {[%clk 1:20:19]} 15. f3
{[%clk 1:15:53]} Bd8 {[%clk 1:06:36]} 16. b4 {[%clk 1:06:51]} dxc4
{[%clk 1:03:08]} 17. b5 {[%clk 1:05:32]} cxb5 {[%clk 0:54:06]} 18. Nxb5
{[%clk 1:05:43]} Nb6 {[%clk 0:53:16]} 19. Nd6 {[%clk 1:05:11]} Re7
{[%clk 0:52:45]} 20. Nxc4 {[%clk 1:04:37]} Nxc4 {[%clk 0:52:47]} 21. Bxc4
{[%clk 1:04:58]} Rc8 {[%clk 0:47:18]} 22. Bb3 {[%clk 1:02:05]} Bb6
{[%clk 0:44:31]} 23. Bd2 {[%clk 0:57:56]} Rd7 {[%clk 0:39:43]} 24. Kf2
{[%clk 0:53:32]} g5 {[%clk 0:30:27]} 25. Ke2 {[%clk 0:44:03]} g4 {[%clk 0:27:34]}
26. Rf1 {[%clk 0:38:08]} Bc7 {[%clk 0:20:58]} 27. Rac1 {[%clk 0:32:08]} Re8
{[%clk 0:20:17]} 28. h3 {[%clk 0:30:07]} Nh5 {[%clk 0:18:50]} 29. Be1
{[%clk 0:28:54]} gxh3 {[%clk 0:18:07]} 30. gxh3 {[%clk 0:29:16]} Ng3+
{[%clk 0:17:39]} 31. Bxg3 {[%clk 0:28:56]} Bxg3 {[%clk 0:18:06]} 32. f4
{[%clk 0:28:07]} Red8 {[%clk 0:15:39]} 33. Rc5 {[%clk 0:26:11]} Bh4
{[%clk 0:15:02]} 34. f5 {[%clk 0:22:21]} exf5 {[%clk 0:08:39]} 35. Rcxf5
{[%clk 0:22:37]} Rf8 {[%clk 0:08:27]} 36. Kd3 {[%clk 0:19:13]} g6
{[%clk 0:07:43]} 37. R5f4 {[%clk 0:18:56]} Bd8 {[%clk 0:07:31]} 38. e4
{[%clk 0:18:37]} Kg7 {[%clk 0:06:34]} 39. e5 {[%clk 0:18:16]} f5 {[%clk 0:02:13]}
40. Rg1 {[%clk 0:01:23]} Bc7 {[%clk 0:01:38]} 41. Ke3 {[%clk 0:27:36]} Bb6
{[%clk 0:24:05]} 42. h4 {[%clk 0:16:01]} Rh8 {[%clk 0:16:14]} 43. Be6
{[%clk 0:11:04]} Rxd4 {[%clk 0:13:07]} 44. Rxd4 {[%clk 0:07:14]} Rxh4
{[%clk 0:13:21]} 45. Rgd1 {[%clk 0:07:13]} Re4+ {[%clk 0:13:35]} 46. Kf3
{[%clk 0:07:26]} Rxd4 {[%clk 0:13:39]} 47. Re1 {[%clk 0:06:50]} Rd3+
{[%clk 0:10:36]} 48. Kf4 {[%clk 0:03:56]} Rd4+ {[%clk 0:07:53]} 49. Kf3
{[%clk 0:04:20]} Rd2 {[%clk 0:07:49]} 50. b3 {[%clk 0:03:58]} Rf2+
{[%clk 0:04:40]} 51. Kg3 {[%clk 0:04:17]} f4+ {[%clk 0:03:40]} 52. Kg4
{[%clk 0:03:49]} Be3 {[%clk 0:03:47]} 53. Bd5 {[%clk 0:03:39]} b6
{[%clk 0:03:38]} 54. e6 {[%clk 0:02:46]} Kf6 {[%clk 0:03:40]} 55. Ra1
{[%clk 0:02:18]} Rd2 {[%clk 0:03:23]} 56. Bc4 {[%clk 0:02:00]} b5
{[%clk 0:02:42]} 57. Bf1 {[%clk 0:02:13]} Rd6 {[%clk 0:02:35]} 58. Bg2
{[%clk 0:02:08]} Kxe6 {[%clk 0:02:10]} 59. Bb7 {[%clk 0:02:26]} Ke5
{[%clk 0:02:02]} 60. Rxa6 {[%clk 0:01:31]} Rd7 {[%clk 0:00:44]} 61. Bc6
{[%clk 0:00:56]} Rd6 {[%clk 0:00:39]} 1/2-1/2

[Event "MITROPA Cup 2014 WOMEN Section"]
[Site "Ruzomberok SLOVAKIA"]
[Date "2014.05.27"]
[Round "5"]
[Board "1"]
[White "Novosadova, Kristyna"]
[Black "Fuchs, Judith"]
[Result "1-0"]
[WhiteElo "2205"]
[BlackElo "2304"]
[PlyCount "0"]
[EventDate "2014.05.23"]
[EventType "team"]
[EventRounds "9"]
[EventCountry "SVK"]
[WhiteTeam "Czech republic A"]
[BlackTeam "Germany"]

1. e4 {[%clk 1:30:57]} c5 {[%clk 1:30:54]} 2. Nf3 {[%clk 1:31:22]} d6
{[%clk 1:31:14]} 3. d4 {[%clk 1:31:47]} cxd4 {[%clk 1:31:40]} 4. Nxd4
{[%clk 1:32:12]} Nf6 {[%clk 1:32:02]} 5. Nc3 {[%clk 1:32:37]} Nc6
{[%clk 1:32:27]} 6. Bg5 {[%clk 1:32:47]} Qb6 {[%clk 1:32:46]} 7. Nb3
{[%clk 1:33:04]} e6 {[%clk 1:33:09]} 8. Bf4 {[%clk 1:33:23]} Ne5 {[%clk 1:30:21]}
9. Be3 {[%clk 1:33:44]} Qc7 {[%clk 1:22:02]} 10. f4 {[%clk 1:30:20]} Neg4
{[%clk 1:18:34]} 11. Bg1 {[%clk 1:25:32]} h5 {[%clk 1:14:39]} 12. Qd3
{[%clk 1:06:05]} Bd7 {[%clk 1:11:41]} 13. O-O-O {[%clk 1:04:26]} Bc6
{[%clk 1:01:54]} 14. h3 {[%clk 0:58:38]} Nh6 {[%clk 1:01:48]} 15. Be2
{[%clk 0:57:15]} d5 {[%clk 0:48:30]} 16. e5 {[%clk 0:56:48]} Ne4 {[%clk 0:47:22]}
17. g4 {[%clk 0:43:38]} a5 {[%clk 0:35:54]} 18. Nb5 {[%clk 0:37:10]} Qd7
{[%clk 0:32:40]} 19. Bb6 {[%clk 0:35:46]} Rc8 {[%clk 0:29:03]} 20. a4
{[%clk 0:27:48]} Bb4 {[%clk 0:26:22]} 21. Qf3 {[%clk 0:20:37]} h4
{[%clk 0:23:07]} 22. Bd3 {[%clk 0:17:29]} Ng3 {[%clk 0:16:54]} 23. Rh2
{[%clk 0:17:18]} O-O {[%clk 0:16:13]} 24. f5 {[%clk 0:16:39]} f6 {[%clk 0:09:11]}
25. exf6 {[%clk 0:14:31]} e5 {[%clk 0:09:27]} 26. fxg7 {[%clk 0:12:58]} Qxg7
{[%clk 0:09:40]} 27. Qe3 {[%clk 0:10:52]} Nf7 {[%clk 0:08:45]} 28. Kb1
{[%clk 0:07:51]} Ng5 {[%clk 0:07:54]} 29. c3 {[%clk 0:06:53]} Be7
{[%clk 0:07:48]} 30. Nxa5 {[%clk 0:05:01]} Qf6 {[%clk 0:06:43]} 31. Nxc6
{[%clk 0:04:12]} bxc6 {[%clk 0:07:12]} 32. Na7 {[%clk 0:03:01]} Ra8
{[%clk 0:04:59]} 33. a5 {[%clk 0:02:52]} Qd6 {[%clk 0:04:06]} 34. f6
{[%clk 0:02:45]} Qxf6 {[%clk 0:04:05]} 35. Bc2 {[%clk 0:02:19]} Nf1
{[%clk 0:03:37]} 36. Rxf1 {[%clk 0:01:57]} Qxf1+ {[%clk 0:04:06]} 37. Ka2
{[%clk 0:02:19]} Qf6 {[%clk 0:03:46]} 38. Ba4 {[%clk 0:02:35]} Qe6
{[%clk 0:02:16]} 39. Qd3 {[%clk 0:02:14]} Rf3 {[%clk 0:01:24]} 40. Qd1
{[%clk 0:01:42]} c5 {[%clk 0:00:50]} 41. Bc6 {[%clk 0:29:37]} d4+
{[%clk 0:28:12]} 42. c4 {[%clk 0:22:05]} Qxc4+ {[%clk 0:12:17]} 43. b3
{[%clk 0:22:28]} Qf7 {[%clk 0:11:21]} 44. Bxa8 {[%clk 0:22:18]} e4
{[%clk 0:11:17]} 45. Nb5 {[%clk 0:15:40]} Qf4 {[%clk 0:10:16]} 46. Bd5+
{[%clk 0:15:17]} Kg7 {[%clk 0:09:22]} 47. Rb2 {[%clk 0:11:14]} Rf1
{[%clk 0:08:31]} 48. Qxf1 {[%clk 0:07:17]} Qxf1 {[%clk 0:08:53]} 49. Nc7
{[%clk 0:05:33]} Bd8 {[%clk 0:05:18]} 50. Bc4 {[%clk 0:03:46]} Qf8
{[%clk 0:03:21]} 51. a6 {[%clk 0:03:47]} Bxc7 {[%clk 0:02:09]} 52. Bxc7
{[%clk 0:04:16]} Qa8 {[%clk 0:02:14]} 53. b4 {[%clk 0:04:06]} Ne6
{[%clk 0:02:18]} 54. Be5+ {[%clk 0:04:16]} Kg6 {[%clk 0:02:26]} 55. b5
{[%clk 0:04:41]} Qd8 {[%clk 0:02:18]} 56. b6 {[%clk 0:04:34]} Qd7
{[%clk 0:01:58]} 57. Ka3 {[%clk 0:03:57]} d3 {[%clk 0:01:49]} 58. b7
{[%clk 0:02:40]} d2 {[%clk 0:02:01]} 59. Rxd2 {[%clk 0:02:36]} Qxd2
{[%clk 0:02:14]} 60. b8=Q {[%clk 0:03:00]} Qc1+ {[%clk 0:02:20]} 61. Bb2
{[%clk 0:02:46]} Qxc4 {[%clk 0:02:26]} 62. Qg8+ {[%clk 0:02:33]} Kh6
{[%clk 0:02:35]} 63. Qh8+ {[%clk 0:02:51]} Kg5 {[%clk 0:02:48]} 64. Qe5+
{[%clk 0:03:07]} 1-0

[Event "MITROPA Cup 2014 WOMEN Section"]
[Site "Ruzomberok SLOVAKIA"]
[Date "2014.05.27"]
[Round "5"]
[Board "2"]
[White "Osmanodja, Filiz"]
[Black "Mareckova, Martina"]
[Result "1-0"]
[WhiteElo "2271"]
[BlackElo "2114"]
[PlyCount "0"]
[EventDate "2014.05.23"]
[EventType "team"]
[EventRounds "9"]
[EventCountry "SVK"]
[WhiteTeam "Germany"]
[BlackTeam "Czech republic A"]

1. e4 {[%clk 1:30:56]} e5 {[%clk 1:30:55]} 2. Nf3 {[%clk 1:31:20]} Nc6
{[%clk 1:31:20]} 3. Bb5 {[%clk 1:31:47]} a6 {[%clk 1:31:46]} 4. Ba4
{[%clk 1:32:16]} d6 {[%clk 1:32:10]} 5. O-O {[%clk 1:32:40]} Nf6 {[%clk 1:32:24]}
6. Re1 {[%clk 1:32:27]} Be7 {[%clk 1:32:30]} 7. c3 {[%clk 1:32:36]} Bg4
{[%clk 1:32:09]} 8. d3 {[%clk 1:31:15]} Nd7 {[%clk 1:32:07]} 9. Nbd2
{[%clk 1:25:44]} Nc5 {[%clk 1:32:19]} 10. Bc2 {[%clk 1:25:20]} Ne6
{[%clk 1:32:08]} 11. h3 {[%clk 1:21:42]} Bh5 {[%clk 1:32:30]} 12. Nf1
{[%clk 1:19:25]} O-O {[%clk 1:32:30]} 13. Ng3 {[%clk 1:05:26]} Bxf3
{[%clk 1:32:29]} 14. Qxf3 {[%clk 1:04:22]} Bg5 {[%clk 1:32:47]} 15. Be3
{[%clk 0:59:53]} Qf6 {[%clk 1:23:40]} 16. Qxf6 {[%clk 0:53:38]} Bxf6
{[%clk 1:24:05]} 17. Rad1 {[%clk 0:51:53]} Rfe8 {[%clk 0:47:24]} 18. Nh5
{[%clk 0:43:57]} Be7 {[%clk 0:40:33]} 19. d4 {[%clk 0:42:31]} g6 {[%clk 0:36:13]}
20. Ng3 {[%clk 0:38:47]} Na5 {[%clk 0:26:40]} 21. d5 {[%clk 0:29:41]} Nf8
{[%clk 0:22:43]} 22. Bd3 {[%clk 0:29:11]} b6 {[%clk 0:19:56]} 23. b4
{[%clk 0:28:25]} Nb7 {[%clk 0:20:25]} 24. a3 {[%clk 0:27:49]} Kg7
{[%clk 0:19:09]} 25. Ne2 {[%clk 0:26:27]} Nd7 {[%clk 0:18:58]} 26. g3
{[%clk 0:24:58]} Rf8 {[%clk 0:16:11]} 27. f4 {[%clk 0:24:17]} f5 {[%clk 0:09:00]}
28. exf5 {[%clk 0:20:59]} gxf5 {[%clk 0:09:26]} 29. Rf1 {[%clk 0:20:30]} e4
{[%clk 0:05:32]} 30. Bc2 {[%clk 0:20:39]} h5 {[%clk 0:01:25]} 31. Nd4
{[%clk 0:15:28]} Nd8 {[%clk 0:01:50]} 32. c4 {[%clk 0:12:38]} Rc8
{[%clk 0:00:55]} 33. Ba4 {[%clk 0:11:45]} Nb8 {[%clk 0:00:33]} 34. Rd2
{[%clk 0:11:39]} Kg6 {[%clk 0:00:48]} 35. g4 {[%clk 0:10:35]} hxg4
{[%clk 0:00:39]} 36. hxg4 {[%clk 0:11:01]} fxg4 {[%clk 0:00:54]} 37. Bd1
{[%clk 0:07:03]} c5 {[%clk 0:01:02]} 38. dxc6 {[%clk 0:04:15]} Nbxc6
{[%clk 0:01:26]} 39. Bxg4 {[%clk 0:03:48]} Rc7 {[%clk 0:00:57]} 40. Rg2
{[%clk 0:03:09]} Bf6 {[%clk 0:00:43]} 41. Ne6 {[%clk 0:24:34]} Nxe6
{[%clk 0:27:40]} 42. Bxe6+ {[%clk 0:24:51]} Kh7 {[%clk 0:27:55]} 43. Rh2+
{[%clk 0:10:38]} Kg7 {[%clk 0:28:17]} 44. Rg2+ {[%clk 0:08:31]} Kh8
{[%clk 0:22:39]} 45. Rd1 {[%clk 0:08:48]} Re7 {[%clk 0:10:22]} 46. Rh2+
{[%clk 0:07:24]} Kg7 {[%clk 0:09:16]} 47. Rg2+ {[%clk 0:07:05]} Kh8
{[%clk 0:09:44]} 48. Rh2+ {[%clk 0:06:36]} Kg7 {[%clk 0:10:12]} 49. Bd5
{[%clk 0:04:32]} Rc8 {[%clk 0:00:38]} 50. Kh1 {[%clk 0:03:54]} 1-0

[Event "MITROPA Cup 2014 WOMEN Section"]
[Site "Ruzomberok SLOVAKIA"]
[Date "2014.05.28"]
[Round "6"]
[Board "1"]
[White "Wozniak, Mariola"]
[Black "Fuchs, Judith"]
[Result "1-0"]
[WhiteElo "2092"]
[BlackElo "2304"]
[PlyCount "0"]
[EventDate "2014.05.23"]
[EventType "team"]
[EventRounds "9"]
[EventCountry "SVK"]
[WhiteTeam "Poland"]
[BlackTeam "Germany"]

1. e4 {[%clk 1:30:58]} c5 {[%clk 1:30:56]} 2. Nf3 {[%clk 1:31:22]} d6
{[%clk 1:31:21]} 3. d4 {[%clk 1:31:48]} cxd4 {[%clk 1:31:48]} 4. Nxd4
{[%clk 1:32:12]} Nf6 {[%clk 1:32:13]} 5. Nc3 {[%clk 1:32:34]} Nc6
{[%clk 1:32:36]} 6. Bg5 {[%clk 1:32:50]} e6 {[%clk 1:32:58]} 7. Qd2
{[%clk 1:32:33]} Qb6 {[%clk 1:33:17]} 8. Nb3 {[%clk 1:19:39]} Be7
{[%clk 1:32:51]} 9. Bd3 {[%clk 1:10:19]} O-O {[%clk 1:29:27]} 10. O-O-O
{[%clk 0:55:48]} Rd8 {[%clk 1:19:03]} 11. Be3 {[%clk 0:48:27]} Qc7
{[%clk 1:19:01]} 12. f4 {[%clk 0:48:02]} a6 {[%clk 1:12:28]} 13. h3
{[%clk 0:43:52]} b5 {[%clk 1:07:59]} 14. Qf2 {[%clk 0:40:40]} Rb8
{[%clk 1:04:59]} 15. g4 {[%clk 0:39:05]} Nb4 {[%clk 0:55:24]} 16. Kb1
{[%clk 0:37:55]} Nd7 {[%clk 0:50:43]} 17. g5 {[%clk 0:35:51]} Nb6
{[%clk 0:38:48]} 18. h4 {[%clk 0:32:48]} Nc4 {[%clk 0:36:38]} 19. Bc1
{[%clk 0:32:05]} Bb7 {[%clk 0:20:34]} 20. Rh3 {[%clk 0:22:20]} Nxd3
{[%clk 0:19:11]} 21. cxd3 {[%clk 0:22:18]} Na3+ {[%clk 0:17:24]} 22. bxa3
{[%clk 0:22:21]} Qxc3 {[%clk 0:17:33]} 23. Bb2 {[%clk 0:22:11]} Qc7
{[%clk 0:17:19]} 24. h5 {[%clk 0:16:38]} Qd7 {[%clk 0:14:14]} 25. Rhh1
{[%clk 0:11:10]} d5 {[%clk 0:11:41]} 26. h6 {[%clk 0:10:40]} gxh6
{[%clk 0:01:00]} 27. Rxh6 {[%clk 0:07:01]} Kf8 {[%clk 0:01:27]} 28. Rxh7
{[%clk 0:07:18]} Ke8 {[%clk 0:01:52]} 29. Rh8+ {[%clk 0:06:47]} Bf8
{[%clk 0:02:21]} 30. Bg7 {[%clk 0:06:53]} Ke7 {[%clk 0:02:44]} 31. Bf6+
{[%clk 0:07:19]} Ke8 {[%clk 0:03:00]} 32. Rxf8+ {[%clk 0:07:37]} Kxf8
{[%clk 0:03:21]} 33. Rh1 {[%clk 0:08:01]} 1-0

[Event "MITROPA Cup 2014 WOMEN Section"]
[Site "Ruzomberok SLOVAKIA"]
[Date "2014.05.28"]
[Round "6"]
[Board "2"]
[White "Osmanodja, Filiz"]
[Black "Kiolbasa, Oliwia"]
[Result "1-0"]
[WhiteElo "2271"]
[BlackElo "2015"]
[PlyCount "0"]
[EventDate "2014.05.23"]
[EventType "team"]
[EventRounds "9"]
[EventCountry "SVK"]
[WhiteTeam "Germany"]
[BlackTeam "Poland"]

1. e4 {[%clk 1:30:58]} c6 {[%clk 1:30:48]} 2. d4 {[%clk 1:31:05]} d5
{[%clk 1:31:10]} 3. e5 {[%clk 1:31:27]} Bf5 {[%clk 1:30:50]} 4. Nf3
{[%clk 1:31:47]} e6 {[%clk 1:28:09]} 5. Be2 {[%clk 1:31:57]} h6 {[%clk 1:21:35]}
6. Nbd2 {[%clk 1:31:07]} Nd7 {[%clk 1:17:27]} 7. Nb3 {[%clk 1:30:31]} Ne7
{[%clk 1:16:08]} 8. O-O {[%clk 1:29:40]} c5 {[%clk 1:03:34]} 9. c4
{[%clk 1:17:50]} dxc4 {[%clk 0:49:27]} 10. Bxc4 {[%clk 1:16:41]} Nc6
{[%clk 0:48:45]} 11. Be3 {[%clk 0:44:00]} Be7 {[%clk 0:43:17]} 12. Bb5
{[%clk 0:37:11]} O-O {[%clk 0:35:41]} 13. Bxc6 {[%clk 0:33:54]} bxc6
{[%clk 0:35:57]} 14. dxc5 {[%clk 0:31:50]} Qc7 {[%clk 0:34:52]} 15. Bd4
{[%clk 0:28:47]} Rfd8 {[%clk 0:34:12]} 16. Qe2 {[%clk 0:28:02]} a5
{[%clk 0:32:53]} 17. Rac1 {[%clk 0:25:15]} a4 {[%clk 0:30:33]} 18. Nbd2
{[%clk 0:23:39]} Qa5 {[%clk 0:30:05]} 19. Nc4 {[%clk 0:12:41]} Qb5
{[%clk 0:29:23]} 20. Qe3 {[%clk 0:12:03]} Bxc5 {[%clk 0:22:57]} 21. Bxc5
{[%clk 0:07:50]} Qxc5 {[%clk 0:23:14]} 22. Nd4 {[%clk 0:07:17]} Bg6
{[%clk 0:20:34]} 23. Rfd1 {[%clk 0:07:30]} Ra6 {[%clk 0:14:41]} 24. f4
{[%clk 0:05:02]} Qa7 {[%clk 0:13:29]} 25. Nxc6 {[%clk 0:04:40]} Qa8
{[%clk 0:07:56]} 26. Nxd8 {[%clk 0:04:36]} Qxd8 {[%clk 0:08:22]} 27. Qd4
{[%clk 0:04:03]} 1-0

[Event "MITROPA Cup 2014 WOMEN Section"]
[Site "Ruzomberok SLOVAKIA"]
[Date "2014.05.28"]
[Round "6"]
[Board "1"]
[White "Srebrnic, Ana"]
[Black "Novosadova, Kristyna"]
[Result "1-0"]
[WhiteElo "2243"]
[BlackElo "2205"]
[PlyCount "0"]
[EventDate "2014.05.23"]
[EventType "team"]
[EventRounds "9"]
[EventCountry "SVK"]
[WhiteTeam "Slovenia"]
[BlackTeam "Czech republic A"]

1. c4 {[%clk 1:30:20]} e5 {[%clk 1:30:26]} 2. Nc3 {[%clk 1:30:00]} d6
{[%clk 1:27:36]} 3. g3 {[%clk 1:29:01]} g6 {[%clk 1:27:55]} 4. Bg2
{[%clk 1:29:09]} Bg7 {[%clk 1:28:18]} 5. e3 {[%clk 1:25:55]} f5 {[%clk 1:27:03]}
6. Nge2 {[%clk 1:26:07]} Nf6 {[%clk 1:26:58]} 7. O-O {[%clk 1:21:47]} c6
{[%clk 1:22:23]} 8. b4 {[%clk 1:09:54]} O-O {[%clk 1:12:46]} 9. b5
{[%clk 1:04:15]} c5 {[%clk 0:56:00]} 10. Bb2 {[%clk 0:46:55]} Nbd7
{[%clk 0:51:54]} 11. a4 {[%clk 0:46:13]} Kh8 {[%clk 0:45:00]} 12. a5
{[%clk 0:45:34]} e4 {[%clk 0:40:20]} 13. a6 {[%clk 0:37:48]} Ne5 {[%clk 0:39:05]}
14. axb7 {[%clk 0:36:09]} Bxb7 {[%clk 0:39:30]} 15. Ra4 {[%clk 0:36:32]} g5
{[%clk 0:29:03]} 16. d4 {[%clk 0:32:02]} Nf3+ {[%clk 0:28:53]} 17. Kh1
{[%clk 0:32:12]} Qe8 {[%clk 0:24:52]} 18. Ng1 {[%clk 0:27:45]} Qh5
{[%clk 0:20:37]} 19. h3 {[%clk 0:21:44]} g4 {[%clk 0:19:44]} 20. Nce2
{[%clk 0:19:56]} Bh6 {[%clk 0:16:28]} 21. dxc5 {[%clk 0:16:13]} gxh3
{[%clk 0:15:01]} 22. Nxh3 {[%clk 0:14:38]} f4 {[%clk 0:07:51]} 23. Qxd6
{[%clk 0:13:32]} Qf5 {[%clk 0:04:21]} 24. Nexf4 {[%clk 0:09:32]} Rae8
{[%clk 0:03:32]} 25. Rxa7 {[%clk 0:03:47]} Bc8 {[%clk 0:03:42]} 26. Re7
{[%clk 0:03:26]} Rxe7 {[%clk 0:03:27]} 27. Qxe7 {[%clk 0:03:51]} Kg8
{[%clk 0:03:37]} 28. b6 {[%clk 0:01:22]} Rf7 {[%clk 0:01:53]} 29. Qd8+
{[%clk 0:01:35]} Rf8 {[%clk 0:02:22]} 30. Qd6 {[%clk 0:01:25]} Bxf4
{[%clk 0:01:52]} 31. Nxf4 {[%clk 0:00:45]} Qg5 {[%clk 0:01:52]} 32. Bxf6
{[%clk 0:00:53]} Rxf6 {[%clk 0:02:01]} 33. Qd8+ {[%clk 0:00:48]} Rf8
{[%clk 0:01:02]} 34. Qxg5+ {[%clk 0:00:50]} Nxg5 {[%clk 0:01:31]} 35. c6
{[%clk 0:00:45]} Bg4 {[%clk 0:00:38]} 36. b7 {[%clk 0:00:44]} Nf3
{[%clk 0:00:40]} 37. c7 {[%clk 0:00:52]} 1-0

[Event "MITROPA Cup 2014 WOMEN Section"]
[Site "Ruzomberok SLOVAKIA"]
[Date "2014.05.28"]
[Round "6"]
[Board "2"]
[White "Mareckova, Martina"]
[Black "Kolaric, Spela"]
[Result "1/2-1/2"]
[WhiteElo "2114"]
[BlackElo "2048"]
[PlyCount "0"]
[EventDate "2014.05.23"]
[EventType "team"]
[EventRounds "9"]
[EventCountry "SVK"]
[WhiteTeam "Czech republic A"]
[BlackTeam "Slovenia"]

1. e4 {[%clk 1:30:57]} e5 {[%clk 1:30:31]} 2. Nf3 {[%clk 1:31:08]} Nc6
{[%clk 1:30:46]} 3. Bc4 {[%clk 1:30:56]} Nf6 {[%clk 1:30:46]} 4. d3
{[%clk 1:30:39]} Bc5 {[%clk 1:30:55]} 5. c3 {[%clk 1:26:59]} d6 {[%clk 1:29:54]}
6. Bb3 {[%clk 1:26:29]} a6 {[%clk 1:29:39]} 7. Nbd2 {[%clk 1:26:22]} O-O
{[%clk 1:29:07]} 8. O-O {[%clk 1:19:30]} Ba7 {[%clk 1:29:02]} 9. h3
{[%clk 1:11:57]} h6 {[%clk 1:29:00]} 10. Re1 {[%clk 1:11:44]} Be6
{[%clk 1:28:50]} 11. Nf1 {[%clk 1:10:41]} Re8 {[%clk 1:28:37]} 12. Ng3
{[%clk 1:08:44]} d5 {[%clk 1:26:31]} 13. Bc2 {[%clk 0:40:28]} dxe4
{[%clk 1:20:18]} 14. dxe4 {[%clk 0:40:16]} Qxd1 {[%clk 1:20:08]} 15. Rxd1
{[%clk 0:32:10]} Rad8 {[%clk 1:19:14]} 16. Rxd8 {[%clk 0:25:42]} Rxd8
{[%clk 1:19:30]} 17. Kf1 {[%clk 0:25:34]} Nd7 {[%clk 1:09:02]} 18. Ke1
{[%clk 0:18:51]} Nc5 {[%clk 1:04:26]} 19. Be3 {[%clk 0:18:10]} Nd3+
{[%clk 1:02:59]} 20. Bxd3 {[%clk 0:18:37]} Bxe3 {[%clk 1:02:56]} 21. Bc2
{[%clk 0:18:08]} Ba7 {[%clk 0:58:49]} 22. Bb3 {[%clk 0:16:51]} Bxb3
{[%clk 0:57:11]} 23. axb3 {[%clk 0:17:19]} g6 {[%clk 0:54:36]} 24. b4
{[%clk 0:16:52]} f6 {[%clk 0:54:08]} 25. Ke2 {[%clk 0:16:44]} Kf7
{[%clk 0:53:14]} 26. b3 {[%clk 0:14:42]} Ke6 {[%clk 0:49:24]} 27. Ra2
{[%clk 0:14:48]} Rd7 {[%clk 0:48:03]} 28. Nh4 {[%clk 0:12:28]} Kf7
{[%clk 0:47:44]} 29. Nf3 {[%clk 0:12:29]} Ke6 {[%clk 0:47:19]} 30. Nh4
{[%clk 0:12:24]} Kf7 {[%clk 0:47:38]} 31. Nf3 {[%clk 0:12:39]} Ke6
{[%clk 0:47:37]} 32. Nh4 {[%clk 0:11:15]} 1/2-1/2